Nghệ thuật quyến rũ = The art of seduction

সংরক্ষণ করুন:
গ্রন্থ-পঞ্জীর বিবরন
প্রধান লেখক: Greene, Robert
বিন্যাস: গ্রন্থ
ভাষা:Undetermined
প্রকাশিত: Tp. Hồ Chí Minh Trẻ 2012
বিষয়গুলি:
ট্যাগগুলো: ট্যাগ যুক্ত করুন
কোনো ট্যাগ নেই, প্রথমজন হিসাবে ট্যাগ করুন!
Thư viện lưu trữ: Trung tâm Học liệu Trường Đại học Cần Thơ
LEADER 00652nam a2200205Ia 4500
001 CTU_180931
008 210402s9999 xx 000 0 und d
020 |c 130000 
082 |a 306.7 
082 |b G799 
100 |a Greene, Robert 
245 0 |a Nghệ thuật quyến rũ = 
245 4 |b The art of seduction 
245 0 |c Robert Greene; Nguyễn Thị Kim Anh (dịch) 
260 |a Tp. Hồ Chí Minh 
260 |b Trẻ 
260 |c 2012 
650 |a Sexual excitement,Sex instruction,Kích thích giới tính,Giáo dục giới tính 
910 |a Nguyên 
980 |a Trung tâm Học liệu Trường Đại học Cần Thơ